| 000 | 00381nam a2200157Ia 4500 | ||
|---|---|---|---|
| 008 | 210210b1973 xxu||||| |||| 00| 0 eng d | ||
| 020 | _a0 85520 182 7 | ||
| 082 | _a339 SHAM | ||
| 100 | _aSHAW (G K). | ||
| 245 | _aMacro-economic policy. Ed 3. | ||
| 250 | _a | ||
| 260 |
_aLondon. _bMartin Robertson., _c1973 |
||
| 300 | _ax,208 | ||
| 690 | _aMacroeconomics | ||
| 906 | _aSG03285 | ||
| 999 |
_c113799 _d113799 |
||